Eleodora - Las consecuencias / (Record no. 23623)

000 -CABECERA
fixed length control field 00684nam a22001937i 4500
003 - IDENTIFICADOR DEL NÚMERO DE CONTROL
control field AR-CdUCM
008 - DATOS DE LONGITUD FIJA--INFORMACIÓN GENERAL
fixed length control field 260422b20232023 pe||||| |||| 00| 0 spa d
020 ## - NÚMERO INTERNACIONAL ESTÁNDAR DEL LIBRO
ISBN 978-612-5013-28-6
040 ## - FUENTE DE LA CATALOGACIÓN
Agencia/entidad que catalogó originalmente la obra MUNICIPALIDAD PROVINCIAL DEL CUSCO
Entidad que transcribió la catalogación BIBLIOTECA MUNICIPAL DEL CUSCO
082 ## - NÚMERO DE LA CLASIFICACIÓN DECIMAL DEWEY
No. de Clasificación 869.57
Notacion interna C12
100 ## - ENTRADA PRINCIPAL--NOMBRE DE PERSONA
Nombre Personal Cabello de Carbonera, Mercedes
245 ## - MENCIÓN DE TÍTULO
Título Eleodora - Las consecuencias /
Mención de responsabilidad Edición critica de Mónica Cárdenas Moreno
260 ## - PUBLICACIÓN, DISTRIBUCIÓN, ETC.
Lugar de publicación, distribución, etc. Lima-Perú :
Nombre de la editorial, distribuidor, etc. Ediciones MyL S.A.C.
Fecha de publicación, distribución, etc. 2023
300 ## - DESCRIPCIÓN FÍSICA
Nº de Páginas Extensión 235 páginas. :
Dimensiones 24x17 cm.
505 ## - NOTA DE CONTENIDO CON FORMATO
Nota de contenido formateada Eleodora o la muerta viviente -- principales ensayos de la autora
942 ## - ELEMENTOS DE PUNTO DE ACCESO ADICIONAL (KOHA)
Fuente de clasificación
Tipo de item Libros-BMC
945 ## - PROCESAMIENTO DE INFORMACIÓN LOCAL (OCLC)
Catalogador pbjr
AAAA-MM-DD - Fecha de ingreso o modificacion 22-04-2026
Holdings
Estado de retiro (separado) Fuente de clasificación o esquema de estanterías Estado dañado Ubicación Sala donde se ubica Nombre de la colección Fecha de adquisición o compra Fuente de adquisición Costo, precio normal en soles Signatura topográfica Código de Barras Última vez visto (Koha) Tipo de ítem (Koha)
No     Sala Humanidades Sala Humanidades Book Cart 2026-04-22 Donación 25.00 869.57 / C12 SH0000017102 2026-04-22 Libros-BMC

Powered by Koha